000 00652nam a2200193 a 4500
082 0 0 _a625.85
_bTHI
_cD.
245 0 0 _aThickness design :
_basphalt pavements for heavy wheel loads.
250 _a1st ed.
260 _a[College Park, MD, USA] :
_bAsphalt Institute,
_cc1986.
300 _avii, 72 p. :
_bill. ;
_c28 cm.
490 1 _aManual series / Asphalt Institute ;
500 _aIncludes index.
526 _a0
_b0
_c0
_d625_850000000000000_THI
650 0 _aMCE
_9379
650 0 _aPavements, Asphalt
_xDesign and construction.
_921619
650 0 _aPavements, Asphalt
_xLive loads.
_944239
710 2 _aAsphalt Institute.
_913616
942 _2ddc
_cBK
999 _c548075
_d548075